000 00448nam a2200181 a 4500
001 13714
003 CO-ViMGA
008 141112s2004 ck r 000 u spa d
020 _a8482902097
040 _aCO-ViMGA
_bspa
_cCO-ViMGA
082 0 4 _aPERg1
100 1 _aPerrault,
_916410
245 1 0 _aEl gato con botas
260 _aSantafé de Bogotá :
_bOveja Negra,
_cs.f.
300 _a15
650 1 4 _aCUENTOS INFANTILES
_92743
942 _2ddc
_cBK
999 _c24435
_d24435